00379nam a2200157 a 45000010005000000030009000050080041000140400028000550820017000831000015001002450027001152600027001423000015001694900016001846500021002004174CO-ViMGA141112s2004 ck r 000 u spa d aCO-ViMGAbspacCO-ViMGA04a628.445 H1731 aHare, Tony10aLos residuos tóxicos aMadrid : bS.M, c1991 a332 p : il aTierra viva14aRESIDUOS TOXICOS